LEADER 01075nam a2200289 a 4500 001 000000167301 003 CaOOAMICUS 005 20180423103753.0 008 180423s2007 it u000 u ita r 020 $a978-88-04-56400-3* 032 $aLibriCat 040 $aPUL$bita 100 1 $aZhuang, Zi.$0(OLS)http://pul/name/107862 245 13$aLa calma /$cChuang-tzu ; a cura di Claudio Lamparelli. 260 $aMilano :$bMondadori,$c2007. 300 $a130 p. ;$c18 cm. 490 1 $aSaggezze 650 4$aFilosofia orientale.$0(OLS)http://pul/subject/33449 700 1 $aLamparelli, Claudio.$0(OLS)http://pul/name/37743 830 0$aSaggezze.$0(OLS)http://pul/title/207287 850 $aPUL 852 $aPUL$W1$xDP1 Fondo Dalla Palma$y117$m2 D 4$j157139$qFondi$B194865$CPULBib$Z2$F194865 $HDal2134 $81 941 1 $a1 996 $6020$a978-88-04-56400-3*$9(OLS)http://pul/number/163839 996 $6245$aLa calma$9(OLS)http://pul/title/207286 996 $6260$aMilano :$bMondadori$9(OLS)http://pul/publisher/50297 LEADER 01405nam a2200325 a 4500 001 000000123828 003 CaOOAMICUS 005 20101126151859.0 008 101126t2005 it u000 u ita r 020 $a88-8220-132-5 040 $aPUL$bita 082 04$a195 100 1 $aSilli, Flavia,$d1976-$0(OLS)http://pul/name/78089 245 10$aStefanini interprete di Blondel /$cFlavia Silli. 260 $aMilano :$bPrometheus,$cİ2005. 300 $a124 p. ;$c24 cm 490 1 $aBiblioteca universitaria italiana ;$v13 504 $aBibliografia p. 121-124. 600 14$aStefanini, Luigi,$d1891-1956$xCritica e interpretazione.$0(OLS)http://pul/subject/23321 600 14$aBlondel, Maurice,$d1861-1949$xCritica e interpretazione.$0(OLS)http://pul/subject/550 650 4$aAntropologia$xAspetti morali e religiosi.$0(OLS)http://pul/subject/17037 830 0$aBiblioteca universitaria italiana ;$v13.$0(OLS)http://pul/title/156090 850 $aPUL 852 $aPUL$W1$xSL Filosofia 3$y81$m195 SILFL 1$j142655$qDDC 21$B141621$CPULBib$Z2$F141621 $H115206 $82 941 1 $a9 996 $6020$a88-8220-132-5$9(OLS)http://pul/number/146020 996 $6082$a195$9(OLS)http://pul/classification/342 996 $6245$aStefanini interprete di Blondel$9(OLS)http://pul/title/156089 996 $6260$aMilano :$bPrometheus$9(OLS)http://pul/publisher/66962